000 00657nam a2200229 i 4500
001 97685
003 ES-MaACL
005 20250805062607.0
007 t|
008 050715s1967 sp ||||1| spa d
100 1 _aMarías, Julián,
_d1914-2005
_976688
245 1 3 _aEl método histórico de las generaciones /
_cJulián Marías.
250 _a4ª ed.
260 _aMadrid :
_bRevista de Occidente,
_c1967.
300 _a214 p. ;
_c18 cm.
490 1 _aSelecta ;
_v22
650 4 _aHistoria-
_xFilosofía.
_913380
650 7 _aSociología
_2embne
_917195
830 1 _aSelecta ;
_v22
_9181890
852 _aES-MaACL
_jC-33345
999 _c97685
_d97685